<?xml version="1.0" encoding="utf-8"?>
<?xml-stylesheet type='text/xsl' href='./oai2.xsl'?>
<OAI-PMH xmlns="http://www.openarchives.org/OAI/2.0/" xmlns:xsi="http://www.w3.org/2001/XMLSchema-instance" xsi:schemaLocation="http://www.openarchives.org/OAI/2.0/ http://www.openarchives.org/OAI/2.0/OAI-PMH.xsd">
  <responseDate>2026-06-07T09:47:42Z</responseDate>
  <request verb="GetRecord" metadataPrefix="marcxml" identifier="record_kuniweb_1471955">https://kulturerbe.niedersachsen.de/oai</request>
  <GetRecord>
    <record>
      <header>
        <identifier>record_kuniweb_1471955</identifier>
        <datestamp>2026-03-31T19:09:18Z</datestamp>
        <setSpec>slg0186</setSpec>
      </header>
      <metadata>
        <marc:record xmlns:marc="http://www.loc.gov/MARC21/slim" xsi:schemaLocation="http://www.loc.gov/MARC21/slim http://www.loc.gov/standards/marcxml/schema/MARC21slim.xsd">
          <marc:leader>12345nrm  22     uu 4500</marc:leader>
          <marc:controlfield tag="001">1471955</marc:controlfield>
          <marc:controlfield tag="003">http://kuniweb.gbv.de</marc:controlfield>
          <marc:controlfield tag="005">2025-12-16T14:14:52</marc:controlfield>
          <marc:controlfield tag="008">|           ||||||||||||||||||||||</marc:controlfield>
          <marc:datafield tag="245" ind1="1" ind2="0">
            <marc:subfield code="a">Schrank</marc:subfield>
          </marc:datafield>
          <marc:datafield tag="655" ind1=" " ind2="7">
            <marc:subfield code="a">Kunsthandwerk</marc:subfield>
          </marc:datafield>
          <marc:datafield tag="046" ind1=" " ind2=" ">
            <marc:subfield code="k">1530</marc:subfield>
            <marc:subfield code="k">Mitte 16. Jahrhundert</marc:subfield>
            <marc:subfield code="l">1570</marc:subfield>
          </marc:datafield>
          <marc:datafield tag="260" ind1=" " ind2=" ">
            <marc:subfield code="g">1530</marc:subfield>
            <marc:subfield code="g">1570</marc:subfield>
            <marc:subfield code="g">Mitte 16. Jahrhundert</marc:subfield>
          </marc:datafield>
          <marc:datafield tag="300" ind1=" " ind2=" ">
            <marc:subfield code="a">Höhe: 179 cm
Breite: 120 cm
Tiefe: 55,5 cm</marc:subfield>
          </marc:datafield>
          <marc:datafield tag="520" ind1=" " ind2=" ">
            <marc:subfield code="a">Über zwei seitlichen Kufenfüßen erhebt sich der vieltürige Schrank mit Fuß- und Kranzgesims. Die Front ist vertikal in drei Register gegliedert. Jeweils drei schmale, übereinander angeordnete Füllungen mit geschnitztem Faltdekor rahmen im unteren Schrankteil zwei breite Türen, von denen die untere höher als die obere ist. Schlichte Leisten trennen die Türen und Füllungen von einander. 
Darüber rahmen zwei annähernd quadratische Türen mit dem Brustbildern eines Mannes bzw. einer Frau eine schmalere Mittelfüllung mit zentralem Medaillon und vegetabilem Dekor.
Die Türen sind jeweils durch zwei breite Metallbänder gesichert.
Die Seitenflächen des Möbels sind glatt. (SMBS)

Veröffentlicht in:
F. Fuhse, „Vom Braunschweiger Tischlerhandwerk Stobwasserarbeiten ; mit 37 Abbildungen“, Werkstücke aus Museum, Archiv und Bibliothek der Stadt Braunschweig, Bd. 1. Appelhans, Braunschweig, 1925. (S. 29, Abb. 12.)

Veröffentlicht in:
G. Spies, „Messe, Markt, Handel im alten Braunschweig [Ausstellung als Beitrag anläßlich der Weltausstellung in Hannover im] Museum im Altstadtrathaus“. Städtisches Museum, Braunschweig, 2000. (S. 94, Nr. 27 u. Abb. 71.)</marc:subfield>
          </marc:datafield>
          <marc:datafield tag="500" ind1=" " ind2=" ">
            <marc:subfield code="a">Kauf

1880</marc:subfield>
          </marc:datafield>
          <marc:datafield tag="650" ind1="1" ind2=" ">
            <marc:subfield code="a">Möbel &gt; Behältnismöbel &gt; Schrank</marc:subfield>
          </marc:datafield>
          <marc:datafield tag="650" ind1="1" ind2=" ">
            <marc:subfield code="a">Gebrauchsgegenstand</marc:subfield>
          </marc:datafield>
          <marc:datafield tag="650" ind1="1" ind2=" ">
            <marc:subfield code="a">Schrankmöbel</marc:subfield>
          </marc:datafield>
          <marc:datafield tag="773" ind1="0" ind2=" ">
            <marc:subfield code="t">Sammlung Kunstgewerbe</marc:subfield>
          </marc:datafield>
          <marc:datafield tag="852" ind1=" " ind2=" ">
            <marc:subfield code="a">Städtisches Museum Braunschweig</marc:subfield>
          </marc:datafield>
          <marc:datafield tag="852" ind1=" " ind2=" ">
            <marc:subfield code="a">Deutschland</marc:subfield>
          </marc:datafield>
          <marc:datafield tag="" ind1=" " ind2=" ">
            <marc:subfield code="a">Namensnennung - Nicht kommerziell - Keine Bearbeitungen 4.0 International (CC BY-NC-ND 4.0)</marc:subfield>
          </marc:datafield>
        </marc:record>
      </metadata>
    </record>
  </GetRecord>
</OAI-PMH>
